000 00411nam a2200157Ia 4500
008 240729s9999 xx 000 0 und d
022 _a2521-0866
245 0 _aScience Heritage Journal
260 _aMalaysia
260 _bZibeline International
650 _a Science (General)
650 _aScience
856 _uhttps://doaj.org/toc/fd07456aa4884c049e247d6e971c1f6c
942 _2ddc
942 _cDOAJEJ
999 _c70560
_d70560
945 _a1
_bMadushi Gamage
_c1
_dMadushi Gamage